01010nas a2200265 4500001001000000003000900010005001700019007000300036008003400039040005400073041000900127072001300136100011600149245005500265650001200320650002700332650001200359650003000371650002200401773009100423909004000514942001800554999001900572952015300591BR8205234BR-BrBNA20231205085244.0ta230509b bl.|||p| |||| 00| 00por d aBR-BrBNAbporcBiblioteca Nacional de Agricultura a(Pt) aN10; Q101 aSoares, A.L.A. (Instituto Rio Grandense do Arroz, Porto Alegre (Brazil). Depto. de Obras e Assistencia Tecnica)1 aArmazens para sementes [Rio Grande do Sul, Brasil] aSEMENTE aTECNOLOGIA DE ALIMENTO aARMAZEM aARMAZENAMENTO DE ALIMENTO aRIO GRANDE DO SUL0 tLavoura Arrozeira (Brazil)xISSN 0023-9143g(Nov 1982), v. 35(339) p. 32-33wBR8205234 a202311bLúciac55dLúcia Elande 2AGRISn0cANA c110289d110289 002AGRIS4071a41918b41918cPeriódicos Agrícolash(Nov 1982), v. 35(339) p. 32-33l0r2023-11-29t01yCRePortaria Interministerial nº 164/94